| 000 | 00606nam a2200217 a 4500 | ||
|---|---|---|---|
| 001 | BRCA_3726 | ||
| 005 | 20190320204411.0 | ||
| 008 | 140909s1917----sp-a---###---#000-0#spa-# | ||
| 041 | _aspa | ||
| 044 | _asp | ||
| 050 | 4 |
_aPQ7297 _b.S47 1917 |
|
| 100 | 1 |
_aSesto, Julio _99694 |
|
| 245 | 1 | 0 |
_aLa ciudad de los palacios _bnovela mexicana _cJulio Sesto ; il. por Duhart ... [et al.]. |
| 260 |
_aMadrid : México _bEl Libro Español _c1917 |
||
| 300 |
_a444 p. _bil. _c19 cm. |
||
| 500 | _aB349 | ||
| 651 | 4 |
_aMéxico (Ciudad) _vNovela _99695 |
|
| 700 | 1 |
_aDuhart _eil _99696 |
|
| 902 | _aGFM | ||
| 942 |
_2lcc _cB |
||
| 999 |
_c3455 _d3455 |
||